Blockade And the Civilian Population (Record no. 1211224)

MARC details
000 -LEADER
fixed length control field 00530nam a2200193Ia 4500
008 - FIXED-LENGTH DATA ELEMENTS--GENERAL INFORMATION
fixed length control field 151121s9999||||xx |||||||||||||| ||und||
082 ## - DEWEY DECIMAL CLASSIFICATION NUMBER
Classification number 312/BEV
082 ## - DEWEY DECIMAL CLASSIFICATION NUMBER
Item number HNW-2327
100 ## - MAIN ENTRY--PERSONAL NAME
Personal name Beveridge William
245 ## - TITLE STATEMENT
Title Blockade And the Civilian Population
260 ## - PUBLICATION, DISTRIBUTION, ETC. (IMPRINT)
Name of publisher, distributor, etc Oxford At The Clarendon Press।
260 ## - PUBLICATION, DISTRIBUTION, ETC. (IMPRINT)
Date of publication, distribution, etc --
300 ## - PHYSICAL DESCRIPTION
Extent 31
600 ## - SUBJECT ADDED ENTRY--PERSONAL NAME
Personal name Beveridge William
630 ## - SUBJECT ADDED ENTRY--UNIFORM TITLE
Uniform title Blockade And the Civilian Population
700 ## - ADDED ENTRY--PERSONAL NAME
Personal name Beveridge William
730 ## - ADDED ENTRY--UNIFORM TITLE
Uniform title Blockade And the Civilian Population
942 ## - ADDED ENTRY ELEMENTS (KOHA)
Koha item type Book
Holdings
Withdrawn status Lost status Damaged status Not for loan Home library Current library Date acquired Cost, normal purchase price Total Checkouts Full call number Barcode Date last seen Cost, replacement price Price effective from Koha item type
        Hirachand Nemchand Wachanalaya, Solapur Hirachand Nemchand Wachanalaya, Solapur 11/21/2015 35.00   HNW-2327 HNW-2327 11/21/2015 35.00 11/21/2015 Book